Internal combustion engines and air pollution (Record no. 4453)

000 -LEADER
fixed length control field 00551nam a22001937a 4500
001 - CONTROL NUMBER
control field 4453
003 - CONTROL NUMBER IDENTIFIER
control field BD-DhUET
008 - FIXED-LENGTH DATA ELEMENTS--GENERAL INFORMATION
fixed length control field 141116b xxu||||| |||| 00| 0 eng d
020 ## - INTERNATIONAL STANDARD BOOK NUMBER
International Standard Book Number 0352045600
040 ## - CATALOGING SOURCE
Transcribing agency 0
Modifying agency BD-DhUET
082 ## - DEWEY DECIMAL CLASSIFICATION NUMBER
Classification number 621.43
Item number OBE/1973
100 ## - MAIN ENTRY--PERSONAL NAME
Personal name Obert, Edward F.
245 ## - TITLE STATEMENT
Title Internal combustion engines and air pollution
Remainder of title based on internal combustion engines
250 ## - EDITION STATEMENT
Edition statement 3rd ed.
260 ## - PUBLICATION, DISTRIBUTION, ETC. (IMPRINT)
Place of publication, distribution, etc. New York
Name of publisher, distributor, etc. Intext Educational Publishers
Date of publication, distribution, etc. 1973
300 ## - PHYSICAL DESCRIPTION
Extent xiii, 740 p.
Other physical details ill.
650 #0 - SUBJECT ADDED ENTRY--TOPICAL TERM
Topical term or geographic name as entry element Internal combustion engines
942 ## - ADDED ENTRY ELEMENTS (KOHA)
Koha item type General Book
Holdings
Koha item type Damaged status Shelving location Koha date last borrowed Koha full call number Withdrawn status Koha date last seen Piece designation (barcode) Location (home branch) Sublocation or collection (holding branch) Koha issues (times borrowed) Not for loan Copy number Source of classification or shelving scheme Date acquired Koha normalized classification for sorting Price effective from Lost status
General Book Circulation section2014-11-16621.43/OBE/1973 2015-10-1242113Central Library, BUETCentral Library, BUET1   2014-11-16621_000000000000000_43OBE19732014-11-16 
General Book Circulation section2018-02-03621.43/OBE/1973 2018-02-1742111Central Library, BUETCentral Library, BUET3 2 2015-04-13621_430000000000000_OBE_19732015-04-13 
Reading Item Reading section 621.43/OBE/1973 2015-06-1642105Central Library, BUETCentral Library, BUET  3 2015-06-16621_430000000000000_OBE_19732015-06-16 
Reading Item Reading section 621.43/OBE/1973 2015-06-3048959Central Library, BUETCentral Library, BUET  4 2015-06-30621_430000000000000_OBE_19732015-06-30 
Reading Item Reading section 621.43/OBE/1973 2015-07-0242108Central Library, BUETCentral Library, BUET  5 2015-07-02621_430000000000000_OBE_19732015-07-02 
Reading Item Reading section 621.43/OBE/1973 2015-07-0448939Central Library, BUETCentral Library, BUET  6 2015-07-04621_430000000000000_OBE_19732015-07-04